La tarjeta postal : de Freud a Lacan y más allá /

Saved in:
Bibliographic Details
Main Author: Derrida, Jacques (autor)
Other Authors: Segovia, Tomás (traducción) (traducción)
Format: Book
Language:Español
Published: México : Siglo XXI, 2001, c2001
Series:(Psicología y Psicoanálisis)
Subjects:
Tags: Add Tag
No Tags, Be the first to tag this record!

MARC

LEADER 00000nam^a2200000^a^4500
001 000417687
005 20250805163147.0
009 20260310122357.587
020 |a 968-23-2299-5 
037 |a Acervo Xavier Clavigero 
041 |a ESP 
082 |a 149. 96  |b DER OBR TAR 
100 |a Derrida, Jacques  |e (autor) 
240 1 4 |a [La tarjeta postal: de Freud a Lacan y más allá] 
245 1 3 |a La tarjeta postal :  |b de Freud a Lacan y más allá /  |c J. Derrida ; tr. por T. Segovia. 
264 4 |a México :  |b Siglo XXI,  |c 2001, c2001 
300 |a 252 p. 
336 |a texto  |b txt  |2 rdacontenido 
337 |a sin mediación  |b n  |2 rdamedio 
338 |a volumen  |b nc  |2 rdasoporte 
440 1 |a (Psicología y Psicoanálisis) 
500 |a Traducción de: La carte postale 
545 |a Cuando se habla de la filosofía francesa del siglo XX, Jacques Derrida es uno de los referentes destacados. Derrida, filósofo franco-argelino, nació en El-Biar, Argel en 1930, en una familia judía sefardí, y falleció en París en el año 2004. Durante su juventud fue expulsado de la escuela como parte de la represión provocada por el régimen Vichy en Francia. Avido lector, el joven Derrida se acercó a la obra de pensadores como Camus, Valéry, Nietzsche, Kierkegaard y Heidegger. Formado en Filosofía en la Escuela Normal Superior de París, donde posteriormente daría clases, Derrida se desenvolvió en campos disciplinarios como la literatura, la lingüística, la antropología y la política. Como filósofo se le asocia al postestructuralismo. A partir de sus reflexiones sobre la filosofía y la lengua, propone el concepto de deconstrucción basado en la crítica y análisis de las palabras y sus conceptos, de los textos, discursos y sistemas, de manera que desarticula la supuesta estabilidad de las ideas y devela sus contradicciones. Prolífico escritor en materia de filosofía, crítica y análisis literario, algunos de sus textos son: De la gramatología (1967), La escritura y la diferencia (1967), La diseminación (1972), Espolones. Los estilos de Nietzsche (1976), La tarjeta postal: De Freud a Lacan y más allá (1986), Políticas de la amistad (1994), Mal de archivo (1995), El Monolingüismo del otro o la prótesis de origen (1996), Adiós a Emmanuel Lévinas (1997), Estados de ánimo del psicoanálisis (2000), La universidad sin condición (2001), entre otros. 
649 |a XX 
650 |a Filosofía y Literatura 
650 |a Psicoanálisis y Literatura 
650 |a Filosofía del Lenguaje 
650 |a Fenomenología 
650 |a Deconstrucción 
650 |a Estructuralismo y Postestructuralismo 
650 |a Filosofía del Lenguaje 
650 |a Filosofía del Siglo XX 
650 |a Filosofía Francesa 
650 |a Sócrates 
650 |a Freud, Sigmund 
650 |a Lacan, Jacques 
700 |a Segovia, Tomás  |e (traducción) 
910 |a Fondo General 
920 |a Impresos - Libros 
930 |a Colección General 
905 |a 101 
901 |a 071882  |b IT1  |c ACC  |i R  |u 20250521 
902 |a https://opac.biblio.iteso.mx/vufind/Record/000417687